| 000 | 01547cam a2200349 a 4500 | ||
|---|---|---|---|
| 999 |
_c128218 _d128218 |
||
| 001 | 13623235 | ||
| 003 | ARRUPE | ||
| 005 | 20180920150224.0 | ||
| 008 | 040614s2004 vc a b 100 0 eng | ||
| 010 | _a 2004429632 | ||
| 020 | _a8886726147 | ||
| 035 | _a(OCoLC)ocm55516430 | ||
| 040 |
_aDLC _cDLC _dDLC |
||
| 041 | 0 |
_aeng _afre _ager _aita |
|
| 045 | _ax4x- | ||
| 050 | 0 | 0 |
_aJZ1318 _b.P66 2003 |
| 082 | 0 | 0 |
_a327 _222 |
| 110 | 2 |
_aPontificia Accademia delle scienze sociali. _bPlenary Session _n(9th : _d2003 : _cVatican City) _942420 |
|
| 245 | 1 | 4 |
_aThe governance of globalisation : _bthe proceedings of the Ninth Plenary Session of the Pontifical Academy of Social Sciences, 2-6 May 2003 / _c[edited by Edmond Malinvaud and Louis Sabourin]. |
| 246 | 3 | _aGovernance of globalization | |
| 260 |
_aVatican City : _bPontifical Academy of Social Sciences, _c2004. |
||
| 300 |
_axxxv, 403 p., [4] p. of plates : _bcol. ill. ; _c24 cm. |
||
| 490 | 1 |
_aActa / Pontifical Academy of Social Sciences ; _v9 |
|
| 504 | _aIncludes bibliographical references. | ||
| 546 | _aTexts in English, French, German, and Italian. | ||
| 650 | 0 |
_aGlobalization _xPolitical aspects _vCongresses. _942421 |
|
| 700 | 1 |
_aMalinvaud, Edmond. _98063 |
|
| 700 | 1 |
_aSabourin, Louis. _942422 |
|
| 830 | 0 |
_aPontificiae Academiae Scientiarum Socialium acta ; _v9. _942423 |
|
| 906 |
_a7 _bcbc _corigres _d3 _encip _f20 _gy-gencatlg |
||
| 942 |
_2lcc _cMONOGRAPH |
||